00276nam a2200121Ia 45000030006000000080041000060400015000471000017000622450037000792600009001165460012001250050017001370STCL150530s9999 xx 000 0 und d aSTCLcSTCL aBessey, E.A. aMorphology and taxonomy of fungi c1950 aEnglish20220125170352.0